| 000 | 00526nam a2200193Ia 4500 | ||
|---|---|---|---|
| 005 | 20250508154014.0 | ||
| 008 | 008 250505s9999 xx 000 0 hin d | ||
| 037 | _aTextual | ||
| 040 |
_aFEDL _beng _cFEDL |
||
| 041 |
_ahin _2hin |
||
| 084 |
_a301.2, SAN _qFEDL |
||
| 100 |
_aSanyal B. S. _942275 |
||
| 245 | 0 | _aCulture : An introduction | |
| 260 |
_aBombay, India _bAsia Publishing House _c1962 |
||
| 300 | _axiii,314p. | ||
| 650 | _aSociology | ||
| 942 |
_cTEXL _h301.2, SAN |
||
| 999 |
_c1346984 _d1346984 |
||